| 000 | 01131 a2200193 4500 | ||
|---|---|---|---|
| 003 | Nust | ||
| 005 | 20221216122758.0 | ||
| 010 | _a 90040748 | ||
| 020 | _a0442227450 | ||
| 040 | _cNust | ||
| 082 | 0 | 0 | _a621.3825,AGA |
| 100 | 1 |
_aAgarwal D.C. Dr. _9105065 |
|
| 245 | 1 | 0 |
_aSatellite communications / _cDr D.C Agarwal and ( Revised ) A.K Maini |
| 260 |
_aNew Delhi: _bKhanna Pub, _cc1991. |
||
| 300 |
_axv, 576 p. : _bill. ; _c23 cm. |
||
| 505 | _aPrinciples of Satellite Communication (Page-1), Communication Satellite Link Design (Page-14), Satellite Analog Communication (Page-28), Digital Satellite Transmission (Page-46), Multiple Access Techniques (Page-61), Demand Assignment Multiple (Page-75), Spread Spectrum Technique and Code Division Multiple Access (Page-90), Satellite Program of India (Page-244), Laser Satellite Communication (Page-275), Satellite and Cable Transmission Systems (Page-295), Echo-Cancellation (Page-306), Speech coding Techniques (Page-315), Satellite Applications (Page-326), Satellites and Satellite Launch Vehicles (Page-364). | ||
| 650 | 0 | _aTelecommunication engineering | |
| 942 |
_2ddc _cBK |
||
| 999 |
_c178715 _d178715 |
||